[Event "Mostoles op 8th"]
[Site "Mostoles"]
[Date "2015.07.19"]
[Round "4"]
[White "Aguado Solana, Juan"]
[Black "Rosa Ramirez, Victor Diego"]
[Result "0-1"]
[WhiteElo "2081"]
[BlackElo "1923"]
[PlyCount "84"]
[EventDate "2015.07.16"]
[EventType "swiss"]
[EventRounds "9"]
[EventCountry "ESP"]
[SourceTitle "EXT 2016"]
[Source "ChessBase"]
[SourceDate "2015.10.08"]
[SourceVersion "1"]
[SourceVersionDate "2015.10.08"]
[SourceQuality "1"]

1. e4 e6 2. d4 d5 3. e5 c5 4. c3 Qb6 5. Nf3 Nc6 6. a3 Bd7 7. b4 cxd4 8. cxd4 Rc8 9. Be2 Nge7 10. 0-0 Nf5 11. Be3 g6 12. Qd3 Nxe3 13. fxe3 Bh6 14. Nc3 Ne7 15. g4 0-0 16. h4 Bg7 17. g5 Nf5 18. Kf2 Rfd8 19. Rfc1 a6 20. Bf1 Rc7 21. Bh3 Ne7 22. Nd2 Qa7 23. Nb3 b6 24. a4 Nc6 25. Na2 Bf8 26. b5 axb5 27. axb5 Na5 28. Nc3 Rdc8 29. e4 Nxb3 30. Rxa7 Nxc1 31. Qd2 Rxa7 32. exd5 Rac7 33. dxe6 fxe6 34. Qxc1 Rxc3 35. Qh1 Rc2+ 36. Ke3 R8c3+ 37. Kf4 Rf2+ 38. Ke4 Bc8 39. Bxe6+ Bxe6 40. h5 Rff3 41. d5 Bf5+ 42. Kd4 Rfd3# 0-1

[Event "Madrid-chT 1213 Honor"]
[Site "Madrid"]
[Date "2013.01.27"]
[Round "7.35"]
[White "Lopez del Alamo, Antonio"]
[Black "Aguado Solana, Juan"]
[Result "1-0"]
[WhiteElo "2241"]
[BlackElo "2082"]
[PlyCount "49"]
[EventDate "2012.11.18"]
[EventType "team"]
[EventRounds "14"]
[EventCountry "ESP"]
[SourceTitle "EXT 2014"]
[Source "ChessBase"]
[SourceDate "2013.11.20"]
[SourceVersion "1"]
[SourceVersionDate "2013.11.20"]
[SourceQuality "1"]
[WhiteTeam "Villalba 64"]
[BlackTeam "Blanco y Negro"]
[WhiteTeamCountry "ESP"]
[BlackTeamCountry "ESP"]

1. e4 c5 2. Nf3 d6 3. d4 cxd4 4. Nxd4 Nf6 5. Nc3 a6 6. Be3 e6 7. f3 b5 8. a4 b4 9. Na2 d5 10. e5 Nfd7 11. f4 Nb6 12. b3 a5 13. f5 Qh4+ 14. Bf2 Qe4+ 15. Be2 Bc5 16. 0-0 0-0 17. f6 Qxe5 18. fxg7 Qxg7 19. c3 bxc3 20. Rc1 e5 21. Rxc3 Qh6 22. Rxc5 exd4 23. Bxd4 N8d7 24. Rc3 f6 25. Rh3 1-0

[Event "Madrid-chT 1213 Honor"]
[Site "Madrid"]
[Date "2013.01.20"]
[Round "6.35"]
[White "Aguado Solana, Juan"]
[Black "Unciti Juan, Javier"]
[Result "1-0"]
[WhiteElo "2082"]
[BlackElo "2196"]
[PlyCount "59"]
[EventDate "2012.11.18"]
[EventType "team"]
[EventRounds "14"]
[EventCountry "ESP"]
[SourceTitle "EXT 2014"]
[Source "ChessBase"]
[SourceDate "2013.11.20"]
[SourceVersion "1"]
[SourceVersionDate "2013.11.20"]
[SourceQuality "1"]
[WhiteTeam "Blanco y Negro"]
[BlackTeam "Casa del Ajedrez"]
[WhiteTeamCountry "ESP"]
[BlackTeamCountry "ESP"]

1. e4 e6 2. d4 d5 3. e5 c5 4. c3 Nc6 5. Nf3 Qb6 6. a3 c4 7. Nbd2 Na5 8. b4 cxb3 9. Rb1 Bd7 10. Nxb3 Ba4 11. Nfd2 Rc8 12. Qc2 Qc7 13. Bb2 Nc4 14. Bc1 Na5 15. Bb2 Ne7 16. Ba1 Nf5 17. Qa2 Nc4 18. Bd3 Nh4 19. 0-0 Qe7 20. g3 Qg5 21. Kh1 Bxb3 22. Qxb3 Nxd2 23. Qxb7 Kd8 24. Ba6 Bb4 25. Qxc8+ Ke7 26. Qc7+ Kf8 27. Rxb4 g6 28. f4 Qf5 29. Qd8+ Kg7 30. Qf6+ 1-0

[Event "Madrid-chT 1213 Honor"]
[Site "Madrid"]
[Date "2012.12.02"]
[Round "3.16"]
[White "Nieto de la Cruz, Julio"]
[Black "Aguado Solana, Juan"]
[Result "1/2-1/2"]
[WhiteElo "2111"]
[BlackElo "2082"]
[PlyCount "71"]
[EventDate "2012.11.18"]
[EventType "team"]
[EventRounds "14"]
[EventCountry "ESP"]
[SourceTitle "EXT 2014"]
[Source "ChessBase"]
[SourceDate "2013.11.20"]
[SourceVersion "1"]
[SourceVersionDate "2013.11.20"]
[SourceQuality "1"]
[WhiteTeam "Pueblo Nuevo"]
[BlackTeam "Blanco y Negro"]
[WhiteTeamCountry "ESP"]
[BlackTeamCountry "ESP"]

1. d4 d5 2. c4 Nc6 3. cxd5 Qxd5 4. e3 e5 5. Nc3 Bb4 6. Bd2 Bxc3 7. bxc3 exd4 8. cxd4 Nf6 9. f3 0-0 10. Ne2 Re8 11. Kf2 Bf5 12. Nc3 Qd6 13. g4 Bg6 14. Nb5 Qe7 15. g5 Ne4+ 16. fxe4 Qxg5 17. Nc3 Re6 18. h4 Rf6+ 19. Ke2 Bh5+ 20. Kd3 Nb4+ 21. Kc4 Rc6+ 22. Kxb4 Qe7+ 23. Kb3 Bxd1+ 24. Rxd1 Rh6 25. h5 a5 26. Be2 Rb6+ 27. Kc2 a4 28. Rb1 Rc6 29. e5 Qa3 30. Rb2 Ra5 31. Rhb1 b6 32. Bf3 Rc4 33. Be2 Rc6 34. Bf3 Rc4 35. Be2 Rc6 36. Bf3 1/2-1/2

[Event "Madrid-ch sf-A"]
[Site "Madrid"]
[Date "2012.04.18"]
[Round "6"]
[White "Aguado Solana, Juan"]
[Black "Fernandez Garcia, Ignacio"]
[Result "1-0"]
[WhiteElo "2060"]
[BlackElo "1909"]
[PlyCount "71"]
[EventDate "2012.04.10"]
[EventType "swiss"]
[EventRounds "9"]
[EventCountry "ESP"]
[SourceTitle "CBM 148 Extra"]
[Source "ChessBase"]
[SourceDate "2012.06.22"]
[SourceVersion "1"]
[SourceVersionDate "2012.06.22"]
[SourceQuality "1"]

1. e4 d6 2. d4 g6 3. Nf3 Bg7 4. Bc4 Nf6 5. Nc3 0-0 6. 0-0 Nc6 7. h3 e5 8. dxe5 Nxe5 9. Nxe5 dxe5 10. Qe2 c6 11. Rd1 Qe7 12. a3 Be6 13. Be3 b6 14. b4 Rfd8 15. f3 Nh5 16. Bxe6 Qxe6 17. Qa6 Qe7 18. b5 Rdc8 19. bxc6 Rxc6 20. Nd5 Qe8 21. Qb7 Rxc2 22. Rac1 Rxc1 23. Rxc1 Nf4 24. Nc7 Qc8 25. Qxa8 Qxa8 26. Nxa8 Ne2+ 27. Kf2 Nxc1 28. Bxc1 Bf8 29. Nc7 Bd6 30. Nb5 Bb8 31. a4 a6 32. Nc3 f5 33. Be3 b5 34. axb5 axb5 35. Nxb5 Kf7 36. Ba7 1-0

[Event "Madrid-chT"]
[Site "Madrid"]
[Date "2012.02.19"]
[Round "11.35"]
[White "Aguado Solana, Juan"]
[Black "Gongora Montes, Benjamin"]
[Result "1-0"]
[WhiteElo "2050"]
[BlackElo "2217"]
[PlyCount "55"]
[EventDate "2011.11.13"]
[EventType "team-tourn"]
[EventRounds "14"]
[EventCountry "ESP"]
[SourceTitle "EXT 2013"]
[Source "ChessBase"]
[SourceDate "2012.11.22"]
[SourceVersion "1"]
[SourceVersionDate "2012.11.22"]
[SourceQuality "1"]
[WhiteTeam "Blanco y Negro"]
[BlackTeam "Villalba"]
[WhiteTeamCountry "ESP"]
[BlackTeamCountry "ESP"]

1. e4 e6 2. d4 d5 3. e5 c5 4. c3 Bd7 5. Nf3 a6 6. Bd3 Bb5 7. Bxb5+ axb5 8. dxc5 Bxc5 9. b4 Be7 10. Qe2 Qc7 11. Qxb5+ Nc6 12. 0-0 Kf8 13. Be3 Nxe5 14. Nxe5 Qxe5 15. Nd2 Qxc3 16. Qxb7 Rd8 17. Rab1 d4 18. Ne4 Qc4 19. Bf4 f6 20. Bc7 Rd5 21. Rfc1 Qxa2 22. Nd6 g6 23. Qc8+ Kg7 24. Qxe6 d3 25. Qf7+ Kh6 26. Nf5+ Kg5 27. Ne3 d2 28. h4+ 1-0

[Event "Madrid-chT"]
[Site "Madrid"]
[Date "2012.02.05"]
[Round "9.26"]
[White "Collado Barbas, Laura"]
[Black "Aguado Solana, Juan"]
[Result "0-1"]
[WhiteElo "2078"]
[BlackElo "2050"]
[PlyCount "74"]
[EventDate "2011.11.13"]
[EventType "team-tourn"]
[EventRounds "14"]
[EventCountry "ESP"]
[SourceTitle "EXT 2013"]
[Source "ChessBase"]
[SourceDate "2012.11.22"]
[SourceVersion "1"]
[SourceVersionDate "2012.11.22"]
[SourceQuality "1"]
[WhiteTeam "La Casa del Ajedrez"]
[BlackTeam "Blanco y Negro"]
[WhiteTeamCountry "ESP"]
[BlackTeamCountry "ESP"]

1. d4 Nf6 2. c4 c5 3. d5 b5 4. cxb5 a6 5. bxa6 g6 6. Nc3 Bxa6 7. Nf3 d6 8. g3 Bg7 9. Bg2 0-0 10. 0-0 Nbd7 11. Rb1 Nb6 12. b3 Nfd7 13. Bb2 c4 14. b4 Bxc3 15. Bxc3 Bb7 16. Nd4 Nf6 17. e4 Rxa2 18. Nc2 Qc7 19. Ne3 Na4 20. Bxf6 exf6 21. Qd4 Qb6 22. Qxf6 Qd8 23. Qxd8 Rxd8 24. Nxc4 Nc3 25. Rb3 Ne2+ 26. Kh1 Ba6 27. b5 Nd4 28. Rb4 Nxb5 29. Rc1 Rc8 30. Bf1 Rxf2 31. Kg1 Ra2 32. Re1 Nd4 33. Nb2 Nf3+ 34. Kf2 Nxe1 35. Bxa6 Rc2+ 36. Be2 Raxb2 37. Rxb2 Nd3+ 0-1

[Event "Madrid-chT"]
[Site "Madrid"]
[Date "2011.12.18"]
[Round "5.24"]
[White "Ballester de Miguel, Miguel Angel"]
[Black "Aguado Solana, Juan"]
[Result "0-1"]
[WhiteElo "2070"]
[BlackElo "2050"]
[PlyCount "63"]
[EventDate "2011.11.13"]
[EventType "team-tourn"]
[EventRounds "14"]
[EventCountry "ESP"]
[SourceTitle "EXT 2013"]
[Source "ChessBase"]
[SourceDate "2012.11.22"]
[SourceVersion "1"]
[SourceVersionDate "2012.11.22"]
[SourceQuality "1"]
[WhiteTeam "Leganes"]
[BlackTeam "Blanco y Negro"]
[WhiteTeamCountry "ESP"]
[BlackTeamCountry "ESP"]

1. e4 c5 2. Nf3 d6 3. d4 cxd4 4. Nxd4 Nf6 5. Nc3 a6 6. Bc4 e6 7. Bb3 b5 8. 0-0 Be7 9. f4 0-0 10. f5 e5 11. Nde2 b4 12. Nd5 Nxe4 13. Nxe7+ Qxe7 14. Bd5 Bb7 15. Bxe4 Bxe4 16. Ng3 d5 17. Qg4 Nd7 18. Nxe4 dxe4 19. Qxe4 Nf6 20. Qh4 Qc5+ 21. Rf2 Rfd8 22. Bg5 Rd4 23. Qg3 Rad8 24. Be3 Ne4 25. Qf3 Nxf2 26. Bxf2 Qxc2 27. Bxd4 exd4 28. Re1 d3 29. Qd5 Qc8 30. Qb3 Qc5+ 31. Kh1 d2 32. Rd1 0-1

[Event "Madrid San Viator op 16th"]
[Site "Madrid"]
[Date "2011.04.03"]
[Round "2"]
[White "Padin Lazaro, Jose Manuel"]
[Black "Aguado Solana, Juan"]
[Result "0-1"]
[WhiteElo "1731"]
[BlackElo "2083"]
[PlyCount "72"]
[EventDate "2011.03.27"]
[EventType "swiss"]
[EventRounds "9"]
[EventCountry "ESP"]
[SourceTitle "EXT 2012"]
[Source "ChessBase"]
[SourceDate "2011.11.24"]
[SourceVersion "1"]
[SourceVersionDate "2011.11.24"]
[SourceQuality "1"]

1. e4 c5 2. Nf3 Nc6 3. d4 cxd4 4. Nxd4 Nf6 5. Nc3 e5 6. Ndb5 d6 7. Bg5 a6 8. Na3 b5 9. Nd5 Be7 10. Bxf6 Bxf6 11. c3 Bg5 12. h4 Bxh4 13. Qh5 Bg5 14. Rd1 g6 15. Qf3 h5 16. Nc2 Be6 17. Qd3 Ne7 18. Nce3 Bxe3 19. Nxe3 Bxa2 20. Qxd6 Qxd6 21. Rxd6 0-0 22. g4 Rfd8 23. Rxd8+ Rxd8 24. gxh5 Be6 25. hxg6 Nxg6 26. c4 bxc4 27. Bxc4 Bxc4 28. Nxc4 Rd4 29. Nd2 Nf4 30. b3 Nd3+ 31. Ke2 Nxf2 32. Rg1+ Kf8 33. Ke3 Nd3 34. Ra1 Nc5 35. Ra5 Rd3+ 36. Ke2 Rxd2+ 0-1

[Event "Madrid San Viator op 15th"]
[Site "Madrid"]
[Date "2010.11.14"]
[Round "8.2"]
[White "Unciti Juan, Javier"]
[Black "Aguado Solana, Juan"]
[Result "1-0"]
[WhiteElo "2159"]
[BlackElo "2096"]
[PlyCount "87"]
[EventDate "2010.09.26"]
[EventType "swiss"]
[EventRounds "9"]
[EventCountry "ESP"]
[SourceTitle "EXT 2024"]
[Source "ChessBase"]
[SourceDate "2023.10.10"]
[SourceVersion "1"]
[SourceVersionDate "2023.10.10"]
[SourceQuality "1"]

1. d4 Nf6 2. c4 e5 3. dxe5 Ng4 4. e4 Nxe5 5. f4 Ng6 6. h4 Bb4+ 7. Nc3 Qe7 8. Bd3 Bxc3+ 9. bxc3 Nxh4 10. Qg4 Ng6 11. f5 d6 12. Nf3 Nc6 13. Qh5 Nge5 14. Be2 Bd7 15. Bg5 Nxf3+ 16. gxf3 Qe5 17. Kd2 Ne7 18. Qh4 f6 19. Be3 0-0-0 20. Qf2 Qa5 21. Rhb1 Bc6 22. a4 Rhe8 23. Qg1 d5 24. cxd5 Bxd5 25. Kc2 Bc6 26. Rb5 Qa6 27. Bc4 b6 28. Rb4 Qb7 29. a5 Bxe4+ 30. fxe4 Qxe4+ 31. Kb3 Qxf5 32. axb6 axb6 33. Bxb6 Nc6 34. Ba6+ Kd7 35. Bb5 cxb6 36. Ra7+ Kd6 37. Bxc6 Qe6+ 38. Ka3 Qe3 39. Rd4+ Kxc6 40. Qxe3 Rxe3 41. Rxd8 Rxc3+ 42. Kb4 Rg3 43. Rdd7 g5 44. Rac7# 1-0

[Event "Madrid Villaverde op 13th"]
[Site "Madrid"]
[Date "2010.07.01"]
[Round "4"]
[White "Aziz Ortego, Omar Luis"]
[Black "Aguado Solana, Juan"]
[Result "0-1"]
[WhiteElo "2091"]
[BlackElo "2038"]
[PlyCount "48"]
[EventDate "2010.06.28"]
[EventType "swiss"]
[EventRounds "9"]
[EventCountry "ESP"]
[SourceTitle "EXT 2011"]
[Source "ChessBase"]
[SourceDate "2010.11.26"]
[SourceVersion "1"]
[SourceVersionDate "2010.11.26"]
[SourceQuality "1"]

1. d4 d5 2. c4 Nc6 3. Nf3 Bg4 4. cxd5 Bxf3 5. dxc6 Bxc6 6. Nc3 Nf6 7. f3 e5 8. dxe5 Nd7 9. Bf4 g5 10. Bg3 Bg7 11. e6 fxe6 12. e4 Ne5 13. Qb3 Qe7 14. 0-0-0 0-0 15. Be2 Kh8 16. h4 Ng6 17. h5 Nf4 18. h6 Be5 19. Kb1 a5 20. Qc2 Qf6 21. Nb5 Nxe2 22. Qxe2 Bxg3 23. Nd4 Be5 24. Qc4 Be8 0-1

[Event "Tres Cantos op 2nd"]
[Site "Tres Cantos"]
[Date "2010.06.22"]
[Round "4"]
[White "Aguado Solana, Juan"]
[Black "Taboas Rodriguez, Daniel"]
[Result "1/2-1/2"]
[WhiteElo "2038"]
[BlackElo "2383"]
[PlyCount "149"]
[EventDate "2010.06.19"]
[EventType "swiss"]
[EventRounds "9"]
[EventCountry "ESP"]
[SourceTitle "CBM 137 Extra"]
[Source "ChessBase"]
[SourceDate "2010.09.01"]
[SourceVersion "1"]
[SourceVersionDate "2010.09.01"]
[SourceQuality "1"]

1. e4 e6 2. d3 d5 3. Nd2 Nf6 4. Ngf3 Nc6 5. c3 e5 6. exd5 Qxd5 7. d4 exd4 8. Bc4 Qh5 9. Qe2+ Be7 10. Nxd4 Nxd4 11. Qxh5 Nc2+ 12. Kd1 Nxh5 13. Kxc2 Bf5+ 14. Kb3 0-0 15. Re1 Rfe8 16. Nf3 Bd6 17. Rxe8+ Rxe8 18. Ng5 Bg6 19. Be3 a6 20. Rd1 Nf6 21. h3 Nd7 22. Nf3 h6 23. Bd3 Bxd3 24. Rxd3 Nc5+ 25. Bxc5 Bxc5 26. Nd4 Re1 27. Kc2 Rg1 28. g3 Rg2 29. Rf3 Bxd4 30. cxd4 Kf8 31. h4 Ke7 32. Kd3 Rg1 33. Kd2 Rb1 34. Rb3 b6 35. Kd3 Kd6 36. Ke4 a5 37. Rf3 Ke6 38. b3 Re1+ 39. Re3 Rf1 40. Kf3+ Kd6 41. Re8 Rd1 42. Rf8 Ke7 43. Rc8 Kd7 44. Rf8 Ke6 45. Re8+ Kd7 46. Rf8 Ke7 47. Rc8 Rc1 48. h5 Rc2 49. a4 Kf6 50. Re8 Rd2 51. Rc8 Rxd4 52. Rxc7 Rd3+ 53. Ke4 Rxb3 54. Rc6+ Kg5 55. Rc7 Rb4+ 56. Ke5 Kxh5 57. Rxf7 Kg6 58. Rc7 Rxa4 59. Rc6+ Kh5 60. Rxb6 Rb4 61. Ra6 a4 62. f3 Rb3 63. Ke4 a3 64. Ra5+ Kg6 65. Kf4 h5 66. Ra6+ Kh7 67. Ra7 Kh6 68. Ke4 g5 69. Ra6+ Kg7 70. Kf5 h4 71. gxh4 gxh4 72. Kg4 Kf7 73. Kxh4 Rxf3 74. Kg4 Rb3 75. Kf4 1/2-1/2

[Event "Tres Cantos op 2nd"]
[Site "Tres Cantos"]
[Date "2010.06.19"]
[Round "1"]
[White "Martin Rodriguez, Jose Luis"]
[Black "Aguado Solana, Juan"]
[Result "0-1"]
[WhiteElo "1538"]
[BlackElo "2038"]
[PlyCount "47"]
[EventDate "2010.06.19"]
[EventType "swiss"]
[EventRounds "9"]
[EventCountry "ESP"]
[SourceTitle "CBM 137 Extra"]
[Source "ChessBase"]
[SourceDate "2010.09.01"]
[SourceVersion "1"]
[SourceVersionDate "2010.09.01"]
[SourceQuality "1"]

1. e4 c5 2. Nf3 d6 3. d4 cxd4 4. Nxd4 Nf6 5. Nc3 a6 6. Bg5 e6 7. f4 b5 8. a3 Qb6 9. Be2 Bb7 10. Bxf6 gxf6 11. Bf3 Bh6 12. g3 Nd7 13. Rf1 0-0 14. b4 Rfc8 15. Qd3 Rc4 16. Nde2 Rac8 17. Rd1 Bf8 18. h4 Qc7 19. e5 d5 20. Kd2 fxe5 21. fxe5 Bh6+ 22. Nf4 Nxe5 23. Ncxd5 Rxc2+ 24. Qxc2 0-1

[Event "Madrid San Viator op 14th"]
[Site "Madrid"]
[Date "2010.05.30"]
[Round "9"]
[White "Aguado Solana, Juan"]
[Black "Aziz Ortego, Omar Luis"]
[Result "1-0"]
[WhiteElo "2018"]
[BlackElo "2124"]
[PlyCount "79"]
[EventDate "2010.03.28"]
[EventType "swiss"]
[EventRounds "9"]
[EventCountry "ESP"]
[SourceTitle "EXT 2011"]
[Source "ChessBase"]
[SourceDate "2010.11.26"]
[SourceVersion "1"]
[SourceVersionDate "2010.11.26"]
[SourceQuality "1"]

1. e4 d6 2. Bc4 Nf6 3. Nc3 c6 4. d4 b5 5. Bd3 e5 6. Nf3 Nbd7 7. a4 b4 8. Ne2 Bb7 9. Ng3 exd4 10. Nxd4 c5 11. Ndf5 g6 12. Ne3 Bg7 13. 0-0 0-0 14. f4 Qc7 15. f5 Rae8 16. fxg6 fxg6 17. Bc4+ Kh8 18. Nd5 Nxd5 19. exd5 Bd4+ 20. Kh1 Ne5 21. Bb5 Rb8 22. Ne2 Qe7 23. Nxd4 cxd4 24. Bf4 Bxd5 25. Qxd4 Qb7 26. Rf2 Kg8 27. Raf1 Ng4 28. Rd2 Rf5 29. Bd3 Rh5 30. Bxd6 Nxh2 31. Bxh2 Rd8 32. Kg1 Qe7 33. Bc4 Qg5 34. Bxd5+ Rxd5 35. Qxd5+ Qxd5 36. Rxd5 Rxd5 37. Bb8 a5 38. Bc7 Rc5 39. Bb6 Rxc2 40. b3 1-0